Countries by Currency #2 - Statistics

General Stats
  • This quiz has been taken 22 times
  • The average score is 11 of 24
Answer Stats
Picture Answer % Correct
Nepal
84%
Peru
84%
Libya
79%
United Arab Emirates
79%
Malawi
58%
South Korea
58%
Democratic Republic of the Congo
53%
Bhutan
42%
Eswatini
42%
Laos
42%
Serbia
42%
Denmark
37%
Kenya
37%
Philippines
37%
Taiwan
37%
Argentina
32%
Colombia
32%
Switzerland
32%
Tunisia
32%
Turkmenistan
32%
Cambodia
26%
Sudan
26%
Angola
21%
Uzbekistan
11%
No matching quizzes found
Score Distribution
Percent of People with Each Score
Percentile by Number Answered
Your Score History
You have not taken this quiz